| 000 | 00907cam a2200241 i 4500 | ||
|---|---|---|---|
| 003 | SA-RiAUC | ||
| 005 | 20241201145347.0 | ||
| 008 | 241128s1973 su o g 000r0 ara c | ||
| 040 |
_aSA-JeALM _bara _cSA-RiAUC _erda |
||
| 082 | 0 | 4 | _a252.5 |
| 090 |
_a252.5 _bج م ا |
||
| 100 | 1 |
_aجمال، صالح بن محمد، _d1338-1411 هجري _eمؤلف. |
|
| 245 | 1 | 0 |
_aدليل الحاج المصور ومناسك الحج على المذاهب الأربعة / _cبقلم صالح محمد جمال. |
| 250 | _aالطبعة التاسعة : | ||
| 264 | 1 |
_aمكة المكرمة : _bمكتبة الثقافة، _c1984 |
|
| 300 |
_a191 صفحة : _bصور ؛ _c24 سم |
||
| 336 |
_aنص _btxt _2rdacontent _3كتاب |
||
| 337 |
_aبدون وسيط _bn _2rdamedia |
||
| 338 |
_aمجلد _bnc _2rdacarrier |
||
| 650 | 7 |
_aالحج _2aucsh |
|
| 942 |
_2ddc _cBOOK _n0 |
||
| 949 |
_aSA-JeALM _d241128 _uosman123 _n1 |
||
| 999 |
_c2906 _d2906 |
||